Longman family dictionary a clear, concise and modern guide to the english language : with over 70000 entries

Podrobná bibliografia
Médium: Kniha
Jazyk:angličtina
Fyzický popis:827 s. 22 cm
Vydavateľské údaje: Praha Aventinum 1991
ISBN:8085277301
Vydanie:1. vyd.
Predmet:

MARC

LEADER 00000cam a2200000 a 4500
001 vtls001128795
003 SK-MaSNL
005 20260426013926.0
008 250414s1991 xr grd 00000 eng
020 |a 8085277301  |q (viaz.) 
035 |a SNK000071645 
040 |a SNK  |b slo  |c SNK  |e AACR2 
041 0 |a eng 
044 |a xr  |c CZ 
072 7 |a 811.111  |x Angličtina  |2 konspekt 
072 7 |a 81  |x Lingvistika. Jazyky  |2 konspekt 
080 |a 801.321.1=20  |2 1981 
080 |a 316.772.2  |2 2011 
080 |a 811.111  |2 2011 
080 |a (038.072)  |2 2011 
245 0 0 |a Longman family dictionary  |b a clear, concise and modern guide to the english language : with over 70000 entries  |c odp. red. Tamara Řezáčová 
250 |a 1. vyd. 
260 |a Praha  |b Aventinum  |c 1991 
300 |a 827 s.  |c 22 cm 
366 |e 40000 kusov 
500 |a Skratky 
650 0 7 |a verbálna komunikácia  |2 SNKPH  |9 1561 
650 0 7 |a angličtina  |2 SNKPH  |9 1260 
655 7 |a výkladové slovníky  |2 SNKPH  |9 69007 
700 1 |a Řezáčová, Tamara  |4 lso  |9 572989 
852 |a Slovenská národná knižnica 
919 |a 80-85277-30-1 
954 |a odborná, vedecká literatúra cudzojazyčná (svetová)  |2 lita 
958 |a OND 
958 |a RK 
958 |a TL 
958 |a CZ 
999 |c 1137549  |d 1139479 
952 |t snkLON 802.0(031)  |a SNKUST  |b SNKUST  |y PREZ  |7 0  |p 17A0329396  |o snkLon 802.0(031)  |i snkKIP 7546/91  |0 0  |1 0  |4 0  |d 2002-01-23  |l 0  |r 2025-04-28 00:00:00  |w 2026-02-24